Interkultúrny assessment-center-metóda diagnostiky interkultúrnej kompetencie

Rastúca globalizácia si vyžaduje nové schopnosti a vedomosti, ktoré vyplývajú z pribúdajúcich kontaktov s cudzou kultúrou. Riešenie a realizácia diagnostiky interkultúrnej kompetencie. Úspešnosť zahraničných aktivít a medzinárodných projektov.

Salvato in:
Dettagli Bibliografici
Autore principale: Janíčková, Eva
Natura: Capitolo di libro
Lingua:slovacco
Soggetti:
Tags: Aggiungi Tag
Nessun Tag, puoi essere il primo ad aggiungerne!!

MARC

LEADER 00000naa$a2200000$$$4500
001 0115720
005 20240502072305.6
041 0 |a slo 
044 |a SK 
245 1 0 |a Interkultúrny assessment-center-metóda diagnostiky interkultúrnej kompetencie  |c Eva Janíčková 
520 |a Rastúca globalizácia si vyžaduje nové schopnosti a vedomosti, ktoré vyplývajú z pribúdajúcich kontaktov s cudzou kultúrou. Riešenie a realizácia diagnostiky interkultúrnej kompetencie. Úspešnosť zahraničných aktivít a medzinárodných projektov. 
610 2 0 |a komunikácia multikultúrna 
610 2 0 |a globalizácia 
610 2 0 |a kompetencie 
610 2 0 |a manažéri 
610 2 0 |a etika manažérska 
610 2 0 |a spolupráca kultúrna 
610 2 0 |a komunikácia verbálna 
610 2 0 |a civilizácia 
610 2 0 |a štýl životný 
100 1 |a Janíčková, Eva